What is a P-value anyway? : (Record no. 527348)

000 -LEADER
fixed length control field 00979cam a2200289 a 4500
001 - CONTROL NUMBER
control field 15706555
003 - CONTROL NUMBER IDENTIFIER
control field NUST
005 - DATE AND TIME OF LATEST TRANSACTION
control field 20190725084104.0
008 - FIXED-LENGTH DATA ELEMENTS--GENERAL INFORMATION
fixed length control field 090421s2010 maua b 001 0 eng
010 ## - LIBRARY OF CONGRESS CONTROL NUMBER
LC control number 2009016210
Canceled/invalid LC control number 2009030057
020 ## - INTERNATIONAL STANDARD BOOK NUMBER
International Standard Book Number 0321629302
020 ## - INTERNATIONAL STANDARD BOOK NUMBER
International Standard Book Number 9780321629302
035 ## - SYSTEM CONTROL NUMBER
System control number (OCoLC)ocn319602638
038 ## - RECORD CONTENT LICENSOR
Staff Name waseem
040 ## - CATALOGING SOURCE
Original cataloging agency DLC
Transcribing agency DLC
Modifying agency YDX
-- YDXCP
-- DLC
050 00 - LIBRARY OF CONGRESS CALL NUMBER
Classification number QA276.12
Item number .V53 2010
082 00 - DEWEY DECIMAL CLASSIFICATION NUMBER
Classification number 519.5
Author Mark VIC
100 1# - MAIN ENTRY--PERSONAL NAME
Personal name Vickers, Andrew.
9 (RLIN) 18555
245 10 - TITLE STATEMENT
Title What is a P-value anyway? :
Remainder of title 34 stories to help you actually understand statistics /
Statement of responsibility, etc. Andrew Vickers.
260 ## - PUBLICATION, DISTRIBUTION, ETC.
Place of publication, distribution, etc. Boston :
Name of publisher, distributor, etc. Addison-Wesley,
Date of publication, distribution, etc. c2010.
300 ## - PHYSICAL DESCRIPTION
Extent xii, 212 p. :
Other physical details ill. ;
Dimensions 24 cm.
504 ## - BIBLIOGRAPHY, ETC. NOTE
Bibliography, etc. note Includes bibliographical references (p. 209-210) and index.
650 #0 - SUBJECT ADDED ENTRY--TOPICAL TERM
Topical term or geographic name entry element Mathematical statistics.
9 (RLIN) 61
906 ## - LOCAL DATA ELEMENT F, LDF (RLIN)
a 7
b cbc
c orignew
d 1
e ecip
f 20
g y-gencatlg
942 ## - ADDED ENTRY ELEMENTS (KOHA)
Source of classification or shelving scheme
Koha item type Book
Holdings
Withdrawn status Lost status Source of classification or shelving scheme Damaged status Not for loan Permanent Location Current Location Date acquired Total Checkouts Total Renewals Full call number Barcode Date last seen Date last checked out Price effective from Koha item type
          Central Library (CL) Central Library (CL) 07/25/2019 1 1 519.5 VIC CL-191 06/12/2025 08/09/2019 07/25/2019 Book
© 2023 Central Library, National University of Sciences and Technology. All Rights Reserved.